000 00528nam a2200181Ia 4500
008 100917s9999 xx 000 0 und d
082 _b27596
100 _aक्षीरसागर ह. म. व साठवणे
245 _aपेटंट औषध
260 _bसाठवणे प्रकाशन
_c1975
300 _a84
365 _b3.5
520 _aवैद्यक
630 _aपेटंट औषध
650 _aवैद्यक
730 _aपेटंट औषध
942 _cBOOK
999 _c632990
_d632987